000
00300nam a22001337a 4500
008
170301b xxu||||| |||| 00| 0 eng d
020
_a
0932682960
041
_a
eng
080
_2
2ND
_a
616.8-006
100
_a
6
101
_a
SHM
245
_a
PREVENTING BREAST CANCER
_c
GOFMAN, J.W
942
_2
udc
_c
BK
999
_c
6478
_d
6478